000 00392nam a2200169Ia 4500
008 221030s9999 xx 000 0 und d
020 _a8131706982
041 _aEnglish
082 _a105.23
100 _aR. J. Wilson
245 0 _aIntroduction to Graph Theory
250 _a4th
260 _bPearson Edcuation
_aNew Delhi
_c2007
300 _a171
650 _aBE Computer
942 _cBK
999 _c5833
_d5833